logo

Bir Sreshtho Munshi Abdur Rouf Library
Jhenaidah Cadet College

World War II : (Record no. 14159)

MARC details
000 -LEADER
fixed length control field 00675nam a2200229 a 4500
001 - CONTROL NUMBER
JCCL Control Number 14159
003 - CONTROL NUMBER IDENTIFIER
JCCL marc code BD-JhCC
005 - DATE AND TIME OF LATEST TRANSACTION
control field 20250203132123.0
008 - FIXED-LENGTH DATA ELEMENTS--GENERAL INFORMATION
fixed length control field 250203b20092021e a|||| ||a| 001 0 eng d
020 ## - INTERNATIONAL STANDARD BOOK NUMBER
International Standard Book Number 9780241525685
035 ## - SYSTEM CONTROL NUMBER
system control number (BD-JhCC)14159
040 ## - CATALOGING SOURCE
Original cataloging agency BD-JhCC
Modifying agency BD-JhCC
041 ## - LANGUAGE CODE
Language code of Book english
082 ## - DEWEY DECIMAL CLASSIFICATION NUMBER
Classification number 940.32
Author mark and Year HOL 2021
100 ## - MAIN ENTRY--PERSONAL NAME
Personal name Holmes,Richard
245 ## - TITLE STATEMENT
Title World War II :
Remainder of title The definitive visual guide /
Statement of responsibility, etc Richard Holmes.
260 ## - PUBLICATION, DISTRIBUTION, ETC. (IMPRINT)
Place of publication, distribution, etc London:
Name of publisher, distributor, etc Dorling Kindersley Limited;
Date of publication, distribution, etc 2021.
300 ## - PHYSICAL DESCRIPTION
Pagination 372 p. :
Other physical details ill;
Dimensions 29 cm.
600 ## - SUBJECT ADDED ENTRY--PERSONAL NAME
Personal name History and Tradition
Titles and other words associated with a name World War, 1914-1918
General subdivision 1914-1918
Geographic subdivision Military campaigns
942 ## - ADDED ENTRY ELEMENTS (KOHA)
Source of classification or shelving scheme Dewey Decimal Classification
Koha item type Books
Holdings
Source of classification or shelving scheme Damaged status Not for loan Home library Current library Shelving location Date of accession Cost, normal purchase price Total Checkouts Full call number Barcode Date last seen Copy number Method of acquisition Koha item type Currency
Dewey Decimal Classification     JCC Rouf Library JCC Rouf Library General Stacks   3600.00   940.32 HOL 2021 20044 02/03/2025 C-1 Exchange Reference BDT

JCC Library | Contacts | JCC Home

Last Update on 23 September 2017
Copyright @ 2017-2020 JCC Rouf Library
Rouf Library, Jhenidah Cadet College (JCC), Bangladesh